00648nam a2200157 a 4500003000200000005001700002008004100019050002900060100002900089245011200118260009000230300004800320504004100368650004100409650004000450020250407111038.0071126s19uu xx 00 eng d aPHS QK 495.M8b.M47 2007 aMesina, Bryan Vincent Q. aThe effectiveness of locally available edible mushrooms as antimicrobial agents /cBryan Vincent Q. Mesina. aLas Piñas City, Philippines :bSouthville International School and Colleges,c2007. a48 pages :bcolored illustrations ;c28 cm. aIncludes bibliographical references. aMushroomsxAntimicrobial properties. aAntimicrobial properties of plants.